Statistics for Countries And Their Largest City

Click here to take the quiz!

General Stats

  • This quiz has been taken 33 times
    (16 since last reset)
  • The average score is 10 of 16

Answer Stats

Answer% Correct
Kabul
93%
Rome and Milan
87%
Shanghai
87%
Istanbul
80%
Moscow
80%
Mumbai
80%
Sao Paulo
80%
Toronto
80%
Dubai
73%
Accra
67%
Harare
53%
Pristina
53%
Abidjan
47%
Guayaquil
40%
Belize city
33%
Serekunda
7%

Score Distribution

Percentile by Number Answered

Percent of People with Each Score

Your Score History

You have not taken this quiz since the last reset